000 00501nam a2200181Ia 4500
999 _c29611
_d29611
003 OSt
005 20201120132405.0
008 190216s9999||||xx |||||||||||||| ||und||
020 _a9788126419661
040 _coclc
082 _a894.8123
_bSUD/R
100 _aSudhakaran, K K
_96537
245 0 _aRekhayil Illathathu /
_cK K Sudhakaran
260 _bDc Books,
_c2008.
_aKottayam:
300 _a135p
650 _aNovel
942 _cBK
_2ddc
_h894.8123
_iSUD/R
_k894.8123
_mSUD/R